Khoa học và ngoại ngữ /

Bewaard in:
Bibliografische gegevens
Coauteur: Trường Đại học Hà Nội.
Formaat: Serie
Taal:Vietnamese
Gepubliceerd in: Hà Nội : Trường Đại học Hà Nội.
Onderwerpen:
Tags: Voeg label toe
Geen labels, Wees de eerste die dit record labelt!
Thư viện lưu trữ: Mạng thư viện Đại học Đà Nẵng
LEADER 00875cas a2200325 a 4500
001 000043237
003 1112
005 20111018134758.0
008 111018b vm 000 vie
040 |a IRC  |c IRC  |d IRC 
041 0 |a vie 
082 1 4 |a 405  |b TRƯ 
110 2 |a Trường Đại học Hà Nội. 
245 1 0 |a Khoa học và ngoại ngữ /  |c Trường Đại học Hà Nội. 
246 0 1 |a Journal of foreign language studies. 
260 |a Hà Nội :  |b Trường Đại học Hà Nội. 
300 |c 27 cm. 
650 0 4 |a Khoa học  |v Tạp chí. 
650 0 4 |a Ngoại ngữ  |v Tạp chí. 
653 |a Khoa học. 
653 |a Ngôn ngữ. 
OWN |a DUT 
999 |a From the UDN01 
TYP |a Printed language 
980 |a Mạng thư viện Đại học Đà Nẵng